000 02181nam a2200421 i 4500
001 nkc20213347055
003 CZ PrSKC
005 20250423101604.0
007 ta
008 210816s2021 xr c e 000 0dcze
020 _a9788024946313
040 _aOLA001
_bcze
_dABA001
_dOLA001
_erda
072 7 _a78.07
_xHudebníci, skladatelé a jiná hudební povolání
_2Konspekt
080 _a78.071.2
_2MRF
080 _a792.5
_2MRF
080 _a78.03
_2MRF
080 _a(437.3)
_2MRF
080 _a(047.53)
_2MRF
100 1 _aPlachetka, Adam,
_d1985-
_4aut
_919310
245 1 0 _aTo je klasika! :
_bnevážné rozmluvy o vážné hudbě /
_cAdam Plachetka, Vojtěch Babka
250 _aVydání první
264 1 _aPraha :
_bIkar,
_c2021
300 _a159 stran :
_bportréty (převážně barevné) ;
_c19 cm
520 2 _aSoubor čtrnácti neformálních rozhovorů operního pěvce Adama Plachetky s hudebním redaktorem Vojtěchem Babkou.
_bDlouholetý rozhlasový redaktor Vojtěch Babka se s Adamem Plachetkou potkal zkraje 21. století na Pražské konzervatoři. Oba tam tehdy studovali zpěv u Luďka Löbla. Svoje společné rozpravy proto zahájili vzpomínáním na školní léta. Další témata jejich rozhovorů se týkají operního repertoáru, historicky poučené interpretace, současnýh trendů v operní režii, o práci na jevišti, o vztahu textu a hudby, o hereckém aspektu operních rolí či o vztahu s publikem. Dojde i na debatu o trémě, sebekázni či vzpomínání na Plachetkovo angažmá ve Vídni v pouhých pětadvaceti letech.
600 1 7 _aPlachetka, Adam,
_d1985-
_2czenas
_919311
648 7 _a21. století
_2czenas
_9395
650 0 7 _aoperní zpěváci
_zČesko
_y21. století
_2czenas
_919312
650 0 7 _ahudební divadlo
_y21. století
_2czenas
_919313
650 0 7 _avážná hudba
_2czenas
_919314
650 0 9 _aopera singers
_zCzechia
_y21st century
_2eczenas
_919315
650 0 9 _amusic theater
_y21st century
_2eczenas
_919316
650 0 9 _aclassical music
_2eczenas
_919317
655 7 _arozhovory
_9825
655 9 _ainterviews
_9826
700 1 _aBabka, Vojtěch,
_d1975-
_4aut
_919318
910 _aABG508
999 _c33107
_d33107